គិរី និង សុភីលេងទឹកជ្រោះ / (Record no. 1171)
[ view plain ]
| 000 -LEADER | |
|---|---|
| fixed length control field | 01922nam a22002897a 4500 |
| 005 - DATE AND TIME OF LATEST TRANSACTION | |
| control field | 20230807113033.0 |
| 020 ## - INTERNATIONAL STANDARD BOOK NUMBER | |
| International Standard Book Number | 9789924341604 |
| 040 ## - CATALOGING SOURCE | |
| Original cataloging agency | FISKH |
| Language of cataloging | eng |
| Transcribing agency | FISKH |
| Modifying agency | FISKH |
| 082 ## - DEWEY DECIMAL CLASSIFICATION NUMBER | |
| Classification number | 635.967 |
| 100 ## - MAIN ENTRY--PERSONAL NAME | |
| Personal name | Solida, Ouch |
| 245 ## - TITLE STATEMENT | |
| Title | គិរី និង សុភីលេងទឹកជ្រោះ / |
| 250 ## - EDITION STATEMENT | |
| Edition statement | គ្រិះស្ថានបោះពុម្ពផ្សាយ Sipar កញ្ញា ២០២២ |
| 260 ## - PUBLICATION, DISTRIBUTION, ETC. | |
| Place of publication, distribution, etc. | Phnom Penh : |
| Name of publisher, distributor, etc. | Sipar, |
| Date of publication, distribution, etc. | 2022. |
| 300 ## - PHYSICAL DESCRIPTION | |
| Extent | 24 pages : |
| Other physical details | color illustrations ; |
| Dimensions | 22 cm |
| 490 ## - SERIES STATEMENT | |
| Series statement | ខ្ញុំចេះអាន |
| 505 ## - FORMATTED CONTENTS NOTE | |
| Formatted contents note | F |
| 520 ## - SUMMARY, ETC. | |
| Summary, etc. | នៅថ្ងៃឈប់សម្រាកមួយ គិរី និងសុភីបានទៅលេងទឹកជ្រោះនៅក្បែរផ្ទះមិត្តឪពុករបស់ខ្លន ។ ពួកគេបានលេងនៅទីនោះសប្បាយយ៉ាងខ្លាំង ស្រាប់តែវែនតារបស់គិរីបានធ្លាក់ចូលទៅក្នុងទឹក មិនយូរប៉ុន្មានឪពុករបស់គិរីបានរកឃើញវិញ ហើយយកមកចងកៅស៊ូកុំអោយរបូតម្ដងទៀត។ |
| 520 ## - SUMMARY, ETC. | |
| Summary, etc. | On a holiday, Kiri and Sophy visit a waterfall near her father's friend's house. They were playing happily there when Kiri's glasses fell into the water and Kiri's father soon found them and tied them up with rubber to keep them from slipping off again. |
| 521 ## - TARGET AUDIENCE NOTE | |
| Target audience note | 300 <br/> |
| Source | Lexile estimate |
| 521 ## - TARGET AUDIENCE NOTE | |
| Target audience note | F <br/> |
| Source | Raz-Plus <br/> |
| 650 ## - SUBJECT ADDED ENTRY--TOPICAL TERM | |
| Topical term or geographic name entry element | គិរី និង សុភី |
| Form subdivision | ទឹកជ្រោះ |
| General subdivision | វែនតា |
| 650 ## - SUBJECT ADDED ENTRY--TOPICAL TERM | |
| Topical term or geographic name entry element | Kiri and Sophy |
| Form subdivision | Waterfall |
| General subdivision | Glasses |
| 700 ## - ADDED ENTRY--PERSONAL NAME | |
| Personal name | Rotha, Ouk |
| Titles and other words associated with a name | illustrator |
| 942 ## - ADDED ENTRY ELEMENTS (KOHA) | |
| Source of classification or shelving scheme | Dewey Decimal Classification |
| Koha item type | Books |
| Suppress in OPAC | No |
| 999 ## - | |
| -- | 1171 |
| -- | 1171 |
| Withdrawn status | Lost status | Source of classification or shelving scheme | Damaged status | Not for loan | Collection | Home library | Current library | Shelving location | Date acquired | Total Checkouts | Full call number | Barcode | Date last seen | Date last checked out | Copy number | Price effective from | Koha item type | Date due |
|---|---|---|---|---|---|---|---|---|---|---|---|---|---|---|---|---|---|---|
| Dewey Decimal Classification | Khmer Language Books / សៀវភៅភាសាខ្មែរ | Footprints International School Library Network Toul Kork Campus | Footprints International School Library Network Toul Kork Campus | TK Campus, Room B402, Khmer Book Case 16, Shelves 112-123 / ទូរសៀវភៅខ្មែរលេខ ១៦ ធ្នើរ ១១២ ដល់ ១២៣ បន្ទប់ B402 សាខាទួលគោក | 08/07/2023 | 1 | SOL 635.967 | 2023-0197 | 06/09/2025 | 02/14/2025 | 1 | 08/07/2023 | Books | |||||
| Dewey Decimal Classification | Khmer Language Books / សៀវភៅភាសាខ្មែរ | Footprints International School Library Network Toul Kork Campus | Footprints International School Library Network Toul Kork Campus | TK Campus, Room B402, Khmer Book Case 16, Shelves 112-123 / ទូរសៀវភៅខ្មែរលេខ ១៦ ធ្នើរ ១១២ ដល់ ១២៣ បន្ទប់ B402 សាខាទួលគោក | 08/07/2023 | 2 | SOL 635.967 | 2023-0198 | 11/13/2025 | 11/13/2025 | 2 | 08/07/2023 | Books | 11/27/2025 |
